[Event "London Classic Open 2014"]
[Site "London ENG"]
[Date "2014.12.14"]
[Round "8.59"]
[White "Peck, Silas"]
[Black "Lane, Peter C R"]
[Result "1-0"]
[WhiteElo "1862"]
[BlackElo "2043"]
[WhiteFideId "432865"]
[BlackFideId "407607"]
[EventDate "2014.12.08"]

1. e4 e6 2. d4 d5 3. Nc3 Bb4 4. e5 Ne7 5. Qg4 c5 6. Nf3 cxd4 7. Nxd4 Qc7 8. Nb5
Qxe5+ 9. Be2 Na6 10. Bf4 Qf6 11. Bd6 Bxd6 12. Nxd6+ Kf8 13. Bxa6 Qe5+ 14. Nde4
bxa6 15. O-O-O f5 16. Qg3 Qxg3 17. Nxg3 Bd7 18. Rhe1 Kf7 19. Nge2 g5 20. Nd4
Rab8 21. Nf3 Kf6 22. Rd3 Rb6 23. Ne5 Be8 24. b3 Ng6 25. Nxg6 Kxg6 26. Kb2 h5 27.
Ne2 Bb5 28. Rc3 Bxe2 29. Rxe2 Rh7 30. Rc8 Kf6 31. Rf8+ Kg6 32. Re8 Kf7 33. Ra8
Rb7 34. Rc8 Re7 35. Rc6 g4 36. g3 h4 37. Rxa6 hxg3 38. hxg3 Rh2 39. Kc3 f4 40.
Kd3 f3 41. Rd2 Kf6 42. Ke3 Kf5 43. Rd6 Rh1 44. Rd8 Re1+ 45. Kd3 Rf7 46. c4 dxc4+
47. bxc4 e5 48. Rd5 Ke6 49. Kc2 e4 50. Rd6+ Ke7 51. Rd7+ Kf8 52. Rxf7+ Kxf7 53.
c5 e3 54. fxe3 Rxe3 55. Rd4 Ke6 56. c6 Re5 57. Rc4 f2 58. c7 Re2+ 59. Kc3 f1=Q
60. c8=Q+ Kf7 61. Rf4+ 1-0

[Event "London Classic Open 2014"]
[Site "London ENG"]
[Date "2014.12.14"]
[Round "8.60"]
[White "Barasi, Paul Dl"]
[Black "Morello, Guido"]
[Result "0-1"]
[WhiteElo "1836"]
[BlackElo "2029"]
[WhiteFideId "432830"]
[BlackFideId "836621"]
[EventDate "2014.12.08"]

1. d4 c5 2. d5 g6 3. e4 d6 4. Be3 Bg7 5. Nc3 Nf6 6. f3 Nbd7 7. Qd2 h6 8. Nh3 a6
9. a4 Qa5 10. Ra2 Rb8 11. Nf2 Qc7 12. Be2 b6 13. O-O Kf8 14. f4 Kg8 15. g4 a5
16. g5 Ne8 17. Raa1 Qd8 18. h4 Nc7 19. Nd3 b5 20. f5 b4 21. fxg6 fxg6 22. Nd1
Kh7 23. c3 h5 24. Nf4 Ne5 25. Nf2 Ba6 26. N2d3 bxc3 27. bxc3 Nc4 28. Qc1 Nxe3
29. Qxe3 Bxc3 30. Qf3 Rf8 31. Rac1 Bd4+ 32. Kg2 c4 33. e5 dxe5 34. Qe4 exf4 35.
Bxh5 Qxd5 36. Bxg6+ Kg7 37. Nxf4 Qxe4+ 38. Bxe4 Rxf4 39. Rxf4 Be3 40. Rcf1 Bxf4
41. Rxf4 Rf8 42. Rg4 Bc8 43. Rg3 Rf4 44. Re3 Rxe4 0-1

[Event "London Classic Open 2014"]
[Site "London ENG"]
[Date "2014.12.14"]
[Round "8.61"]
[White "Arnetta, Maria Teresa"]
[Black "Akshay V Halagannavar"]
[Result "0-1"]
[WhiteTitle "WFM"]
[WhiteElo "2027"]
[BlackElo "1881"]
[WhiteFideId "811572"]
[BlackFideId "25020188"]
[EventDate "2014.12.08"]

1. e4 c5 2. b3 e5 3. Bb2 Nc6 4. Bc4 Be7 5. Ne2 Nf6 6. d3 O-O 7. O-O d6 8. f4 Ng4
9. Qd2 exf4 10. Nxf4 Bg5 11. Nc3 Qf6 12. Nd1 Nd4 13. h3 Bxf4 14. Rxf4 Qxf4 15.
Qxf4 Ne2+ 16. Kf1 Nxf4 17. hxg4 Bxg4 18. Ne3 Be6 19. g3 Ng6 20. Ke2 Ne7 21. a4
a6 22. a5 Rad8 23. Bd5 Bxd5 24. exd5 Rde8 25. Kd2 f5 26. Rf1 f4 27. gxf4 Nf5 28.
Nc4 h5 29. Rg1 Kh7 30. Nxd6 Nxd6 31. Rxg7+ Kh6 32. Rd7 Rd8 33. Bg7+ Kg6 34. f5+
Nxf5 0-1

[Event "London Classic Open 2014"]
[Site "London ENG"]
[Date "2014.12.14"]
[Round "8.62"]
[White "Klingher, Dominic"]
[Black "Prior, Stephen C V"]
[Result "0-1"]
[WhiteElo "1799"]
[BlackElo "2014"]
[WhiteFideId "428850"]
[BlackFideId "423378"]
[EventDate "2014.12.08"]

1. e4 c5 2. d4 cxd4 3. c3 Nf6 4. e5 Nd5 5. cxd4 e6 6. Nf3 b6 7. Bd3 Ba6 8. O-O
Bxd3 9. Qxd3 d6 10. Nc3 Nxc3 11. bxc3 Qc7 12. Ba3 Nd7 13. Rfe1 Be7 14. d5 O-O
15. exd6 Bxd6 16. dxe6 Nc5 17. Bxc5 Qxc5 18. exf7+ Rxf7 19. Rad1 Rd8 20. Qe3
Qxe3 21. fxe3 Rfd7 22. Rd4 Bc5 23. Rxd7 Rxd7 24. Nd4 Kf7 25. Kf2 Kf6 26. Kf3 Ke5
27. Nc6+ Kd5 28. Nb4+ Kc4 29. e4 Rf7+ 30. Kg4 Kxc3 31. Nd5+ Kd4 32. Nf4 Bb4 33.
Re2 g6 34. g3 Be7 35. h4 Bf6 36. Kf3 Be5 37. Rd2+ Kc4 38. Rd5 Bb2 39. Rd6 Kb4
40. Rd3 Ka4 41. Rb3 Bg7 42. Kg4 Re7 43. Kf3 Rc7 44. Nd5 Rc2 45. Re3 Be5 46. Kg4
Rxa2 47. Kg5 Ra3 48. g4 Rxe3 49. Nxe3 b5 50. Kh6 Bf4+ 51. Kxh7 Bxe3 52. e5 b4
53. e6 Bc5 54. h5 gxh5 55. g5 h4 56. g6 h3 57. g7 h2 58. Kg8 h1=Q 59. Kf7 Qb7+
60. e7 Qxe7+ 61. Kg6 Qxg7+ 0-1

[Event "London Classic Open 2014"]
[Site "London ENG"]
[Date "2014.12.14"]
[Round "8.63"]
[White "Cavendish, Joshua Z"]
[Black "Millward, Kevin P"]
[Result "1-0"]
[WhiteElo "1747"]
[BlackElo "2010"]
[WhiteFideId "418005"]
[BlackFideId "404721"]
[EventDate "2014.12.08"]

1. f4 d6 2. e4 g6 3. Nc3 Bg7 4. Bc4 a6 5. Nf3 b5 6. Bb3 e6 7. O-O Ne7 8. Qe1 c5
9. d3 Nbc6 10. f5 Nd4 11. Qh4 exf5 12. Bg5 Be6 13. Rae1 Ra7 14. Nxd4 Bxd4+ 15.
Kh1 Bxb3 16. axb3 O-O 17. Nd5 f6 18. Nxf6+ Bxf6 19. Bxf6 Qd7 20. Bc3 b4 21. Bd2
Nc6 22. Bh6 Re8 23. exf5 Rxe1 24. Rxe1 Qxf5 25. Re8+ Kf7 26. Rf8+ Ke6 27. Rxf5
Kxf5 28. Qe4+ 1-0

[Event "London Classic Open 2014"]
[Site "London ENG"]
[Date "2014.12.14"]
[Round "8.64"]
[White "Nilsen, Martin"]
[Black "Slade, Theodore"]
[Result "1-0"]
[WhiteElo "2006"]
[BlackElo "1869"]
[WhiteFideId "1510657"]
[BlackFideId "426547"]
[EventDate "2014.12.08"]

1. Nf3 Nf6 2. g3 b6 3. Bg2 Bb7 4. b3 e6 5. O-O Be7 6. d4 c5 7. c3 O-O 8. Nbd2
cxd4 9. cxd4 d5 10. Ne5 Nc6 11. Nxc6 Bxc6 12. Bb2 Rc8 13. a4 a5 14. Ba3 Bxa3 15.
Rxa3 Qd6 16. Ra2 Bb7 17. e3 Rc7 18. Qe2 Ra8 19. Rfa1 h6 20. b4 Qxb4 21. Rb1 Qd6
22. Qb5 Ba6 23. Qxb6 Rc1+ 24. Bf1 Qxb6 25. Rxb6 Ne4 26. Kg2 Bxf1+ 27. Nxf1 Rac8
28. Rbb2 Nc3 29. Ra3 Rc4 30. Nd2 Rb4 31. Rxb4 axb4 32. Rb3 Rd1 33. Nf3 Nxa4 34.
Rxb4 Nc3 35. Rb2 Ne4 36. Ne5 Rd2 37. Rxd2 Nxd2 38. f3 f6 39. Nc6 Kf7 40. Kf2 Nc4
41. e4 Nd2 42. exd5 exd5 43. Ke3 Nc4+ 44. Kf4 Ke6 45. Nb4 h5 46. h4 Nd6 47. Nd3
Nb5 48. Ke3 Nd6 49. g4 Nc4+ 50. Kf4 hxg4 51. fxg4 Nd6 52. Ke3 Nc4+ 53. Kf4 Nd6
54. Nc5+ Kf7 55. g5 fxg5+ 56. Ke5 Nb5 57. hxg5 Kg6 58. Ne6 Nc3 59. Kf4 Ne2+ 60.
Kg4 Nc3 61. Nf4+ Kf7 62. Kf5 Nb5 63. Ke5 Nc3 64. g6+ Kf8 65. Nxd5 Nb5 66. Nf4
Na7 67. Ne6+ Kg8 68. d5 Nc8 69. Kd4 Nd6 70. Kc5 Ne4+ 71. Kc6 Nd2 72. Kd7 Ne4 73.
Ke7 Kh8 74. Kf8 Ng5 75. Nd8 Ne6+ 76. Ke7 Nf4 77. Kf7 Nxd5 78. Kf8 1-0

[Event "London Classic Open 2014"]
[Site "London ENG"]
[Date "2014.12.14"]
[Round "8.65"]
[White "Gschwendtner, Stanislav"]
[Black "Nordstrom, Hakon N"]
[Result "1/2-1/2"]
[WhiteElo "1998"]
[BlackElo "1836"]
[WhiteFideId "307297"]
[BlackFideId "1513710"]
[EventDate "2014.12.08"]

1. c4 Nf6 2. Nc3 e5 3. e3 d5 4. cxd5 Nxd5 5. a3 c5 6. d4 exd4 7. exd4 Be6 8.
Bb5+ Nd7 9. Nf3 Be7 10. Ne5 Nxc3 11. bxc3 O-O 12. O-O 1/2-1/2

[Event "London Classic Open 2014"]
[Site "London ENG"]
[Date "2014.12.14"]
[Round "8.66"]
[White "Ditmas, Hugh"]
[Black "Wettasinha, Vasanta"]
[Result "0-1"]
[WhiteElo "1993"]
[BlackElo "1761"]
[WhiteFideId "1270666"]
[BlackFideId "9904433"]
[EventDate "2014.12.08"]

1. d4 Nf6 2. c4 g6 3. Nc3 Bg7 4. e4 d6 5. Be2 O-O 6. Nf3 Na6 7. O-O e5 8. Be3
Ng4 9. Bg5 f6 10. Bd2 exd4 11. Nxd4 f5 12. Nb3 Qh4 13. h3 Ne5 14. f4 Nc6 15.
exf5 Bxf5 16. Be1 Qe7 17. Nd5 Qd7 18. Bc3 Rae8 19. Bxg7 Qxg7 20. Qd2 Nc5 21.
Rad1 Ne4 22. Qe1 a5 23. Qh4 a4 24. Nc1 Nd4 25. Bd3 Nc5 26. Rfe1 Be4 27. Bxe4
Nxe4 28. Nd3 Nf5 29. Qg4 Qd4+ 30. Kh2 c6 31. Ne5 Nf2 32. Qg5 Nxd1 33. Nxg6 hxg6
34. Qxg6+ Ng7 35. Rxe8 cxd5 36. Rxf8+ Kxf8 37. Qxd6+ Ke8 38. Qb8+ Kf7 39. Qxb7+
Kf8 40. Qc8+ Ne8 41. Qf5+ Qf6 42. Qxf6+ Nxf6 43. cxd5 Nxb2 44. d6 Nd1 45. Kg3 a3
46. Kf3 Nc3 47. Ke3 Nxa2 48. Kd2 Nb4 49. Kc3 Nfd5+ 50. Kb3 a2 51. Kb2 Nc3 52. f5
Nc2 0-1

[Event "London Classic Open 2014"]
[Site "London ENG"]
[Date "2014.12.14"]
[Round "8.67"]
[White "Vachtfeidl, Petr"]
[Black "Brozel, Sacha"]
[Result "0-1"]
[WhiteElo "1985"]
[BlackElo "1822"]
[WhiteFideId "315028"]
[BlackFideId "429317"]
[EventDate "2014.12.08"]

1. e4 c5 2. Nf3 e6 3. Nc3 Nc6 4. d4 cxd4 5. Nxd4 Qc7 6. Be3 a6 7. Qd2 Nf6 8.
O-O-O Be7 9. f3 h5 10. Kb1 b5 11. Qf2 Ne5 12. h3 Bb7 13. Nb3 Nc4 14. Bxc4 bxc4
15. Bb6 Qc8 16. Na5 Rb8 17. g4 d5 18. g5 Nd7 19. Ba7 Ra8 20. exd5 Bxd5 21. Nxd5
exd5 22. Rhe1 Qc7 23. Qe3 O-O 24. Qxe7 Qxa7 25. Rxd5 Rae8 26. Qxe8 Rxe8 27.
Rxe8+ Kh7 28. Re1 Qc7 29. Re7 Qg3 30. Rexd7 Qe1+ 31. Rd1 Qxa5 32. Rxf7 Qxg5 33.
a4 Qa5 34. Rg1 Qxa4 35. Rfxg7+ Kh8 36. Rg8+ Kh7 37. R1g7+ Kh6 38. Rg6+ Kh7 39.
h4 c3 40. bxc3 Qxh4 41. R6g7+ Kh6 42. Rg1 Kh7 43. Kb2 Qf6 44. R8g5 Kh6 45. f4
Qxf4 46. Rg6+ Kh7 47. Rg7+ Kh8 48. Rg8+ Kh7 49. R8g7+ Kh8 50. R7g5 Qf7 51. Rg6
Kh7 52. c4 Qxg6 53. Rxg6 Kxg6 54. c5 Kf6 0-1

[Event "London Classic Open 2014"]
[Site "London ENG"]
[Date "2014.12.14"]
[Round "8.68"]
[White "Rogers, Tim L"]
[Black "Viudes Serra, Aaron"]
[Result "1/2-1/2"]
[WhiteElo "2046"]
[BlackElo "1818"]
[WhiteFideId "418137"]
[BlackFideId "2247658"]
[EventDate "2014.12.08"]

1. e4 Nf6 2. e5 Nd5 3. c4 Nb6 4. c5 Nd5 5. Nc3 Nxc3 6. bxc3 d6 7. cxd6 cxd6 8.
exd6 Qxd6 9. Nf3 Nc6 10. d4 e5 11. Qe2 Bg4 12. dxe5 Qd5 13. Bf4 O-O-O 14. h3
Bxf3 15. Qxf3 Qxf3 16. gxf3 Ba3 17. Rb1 Nxe5 18. Bxe5 Rhe8 19. f4 f6 20. Bg2 b6
21. O-O fxe5 22. fxe5 Rxe5 23. Rfe1 Rde8 24. Kf1 Bc5 25. Rbd1 1/2-1/2

[Event "London Classic Open 2014"]
[Site "London ENG"]
[Date "2014.12.14"]
[Round "8.70"]
[White "Grey, Nicholas D"]
[Black "Lobersli, Henrik Oie"]
[Result "1/2-1/2"]
[WhiteElo "1766"]
[BlackElo "1961"]
[WhiteFideId "415448"]
[BlackFideId "1511947"]
[EventDate "2014.12.08"]

1. e4 e5 2. Nf3 Nc6 3. d4 exd4 4. Bc4 Nf6 5. O-O Nxe4 6. Re1 d5 7. Bxd5 Qxd5 8.
Nc3 Qd8 9. Rxe4+ Be7 10. Nxd4 O-O 11. Nxc6 bxc6 12. Rd4 Qe8 13. Bf4 c5 14. Rd2
Qc6 15. Nd5 Bd6 16. c4 Re8 17. Qf3 Bb7 18. Rad1 Re6 19. Rd3 Rae8 20. Re3 Bxf4
21. Qxf4 Rxe3 22. fxe3 Qa4 23. Rf1 Bxd5 24. cxd5 Qxf4 25. Rxf4 Re5 26. Ra4 Rxd5
27. Rxa7 Rd1+ 28. Kf2 Rd2+ 29. Kf3 1/2-1/2

[Event "London Classic Open 2014"]
[Site "London ENG"]
[Date "2014.12.14"]
[Round "8.72"]
[White "Chilton, James I"]
[Black "Woong, Zhi Wei William"]
[Result "0-1"]
[WhiteElo "1763"]
[BlackElo "1912"]
[WhiteFideId "423009"]
[BlackFideId "5804906"]
[EventDate "2014.12.08"]

1. e4 c5 2. Nf3 e6 3. d4 cxd4 4. Nxd4 a6 5. Nc3 Qc7 6. Bd3 Bc5 7. Nb3 Be7 8. O-O
Nf6 9. f4 d6 10. g4 h6 11. Qf3 Nc6 12. g5 hxg5 13. fxg5 Ne5 14. Qg3 Nfd7 15. Be3
b6 16. Nd4 Nf8 17. Nf3 Nfg6 18. Nxe5 dxe5 19. Qf2 Nf4 20. Bxf4 exf4 21. Qxf4 Bd6
22. Qf3 Bc5+ 23. Rf2 Qxh2+ 24. Kf1 Bxf2 25. Qxf2 Qh1+ 26. Ke2 Qxa1 27. g6 f6 28.
e5 f5 29. Be4 Ra7 30. Bc6+ Bd7 31. Qxb6 Rh2+ 32. Kd3 Qf1+ 33. Ne2 Qxe2+ 34. Kc3
Qxc2+ 35. Kb4 Qxb2+ 36. Ka4 Qxb6 37. Bxd7+ Kxd7 38. a3 Rh4# 0-1

[Event "London Classic Open 2014"]
[Site "London ENG"]
[Date "2014.12.14"]
[Round "8.73"]
[White "Verma, Aditya"]
[Black "Basson, Heinrich"]
[Result "1/2-1/2"]
[WhiteElo "1611"]
[BlackElo "1899"]
[WhiteFideId "426202"]
[BlackFideId "14301440"]
[EventDate "2014.12.08"]

1. Nf3 d5 2. g3 Nf6 3. d4 b6 4. Bg2 Bb7 5. b3 e6 6. Bb2 Bb4+ 7. c3 Bd6 8. O-O
Nbd7 9. c4 c6 10. Nbd2 O-O 11. e3 Rc8 12. Rc1 Qc7 13. Re1 Rfe8 14. Qe2 Qb8 15.
e4 dxe4 16. Nxe4 Nxe4 17. Qxe4 c5 18. Qe2 Qa8 19. Nh4 Be7 20. Bxb7 Qxb7 21. Nf3
Bf6 22. Qe4 Qxe4 23. Rxe4 Red8 24. Bc3 cxd4 25. Bxd4 Nc5 26. Bxf6 gxf6 27. Rd4
Rxd4 28. Nxd4 Rd8 29. Nc6 Rd2 30. Nxa7 Rxa2 31. Nc8 Nxb3 32. Rd1 Nd2 33. Nxb6
Rc2 34. Nd7 Kg7 35. c5 f5 36. c6 f6 37. c7 Ne4 38. Nf8 Kxf8 39. Rd8+ Kf7 40.
c8=Q Rxc8 41. Rxc8 e5 42. h3 Kg6 43. g4 fxg4 44. hxg4 h5 45. gxh5+ Kxh5 46. f3
Ng5 47. Kg2 Kg6 48. Kg3 Kf5 49. Rc4 Ne6 50. Rg4 Nd4 51. Rh4 Ne2+ 52. Kf2 Nf4 53.
Rh8 Nd5 54. Rd8 Nf4 1/2-1/2

[Event "London Classic Open 2014"]
[Site "London ENG"]
[Date "2014.12.14"]
[Round "8.77"]
[White "Altman, Joshua"]
[Black "Dydak, Mateusz"]
[Result "1-0"]
[WhiteTitle "CM"]
[WhiteElo "1723"]
[BlackElo "1870"]
[WhiteFideId "426210"]
[BlackFideId "2612305"]
[EventDate "2014.12.08"]

1. e4 e6 2. d4 d5 3. Nd2 Nf6 4. e5 Nfd7 5. Bd3 c5 6. c3 Nc6 7. Ne2 a5 8. Nf3 Be7
9. O-O a4 10. a3 c4 11. Bc2 Nb6 12. Ng3 h5 13. h3 Kd7 14. Nh2 h4 15. Ne2 Kc7 16.
f4 g6 17. Nf3 Bd7 18. Ng5 Qg8 19. Kh1 Na5 20. Be3 Nb3 21. Rb1 Nc8 22. Ng1 Na7
23. Qe1 Nb5 24. N1f3 Qf8 25. Nxh4 Bxa3 26. bxa3 Rxh4 27. Qxh4 Nxc3 28. Rbe1 Nb5
29. Qh7 N3xd4 30. Bxd4 Nxd4 31. Bb1 Qxa3 32. Qxf7 Qc5 33. Bxg6 Qf8 34. Qxf8 Rxf8
35. Ra1 b5 36. h4 b4 37. h5 b3 38. h6 b2 39. Ra3 Ne2 40. h7 c3 41. Nf7 Ng3+ 42.
Kg1 Nxf1 43. Kxf1 Rxf7 44. h8=Q Rxf4+ 45. Kg1 d4 46. Qa8 Bc6 47. Qa7+ Kd8 48.
Qb8+ Ke7 1-0

[Event "London Classic Open 2014"]
[Site "London ENG"]
[Date "2014.12.14"]
[Round "8.78"]
[White "Fixmer, Eric"]
[Black "Kalerwa, Edwin M"]
[Result "0-1"]
[WhiteElo "1686"]
[BlackElo "1840"]
[WhiteFideId "4004469"]
[BlackFideId "422223"]
[EventDate "2014.12.08"]

1. e4 c5 2. Nc3 Nc6 3. f4 g6 4. Nf3 d6 5. Bb5 Bd7 6. Bxc6 Bxc6 7. d3 Bg7 8. O-O
e6 9. Qe1 Ne7 10. Qh4 Qd7 11. f5 gxf5 12. Bg5 Ng6 13. Qe1 O-O 14. h4 h6 15. Bd2
b5 16. Qg3 Kh7 17. exf5 exf5 18. h5 Ne5 19. Nh4 Bf6 20. Rf2 Rg8 21. Qh3 Bxh4 22.
Qxh4 Nf3+ 23. Rxf3 Bxf3 24. Qf4 Rxg2+ 25. Kf1 Qc6 26. Qxf5+ Kg8 27. Bxh6 Re8 28.
Bf4 Be2+ 29. Nxe2 Qf3+ 0-1

[Event "London Classic Open 2014"]
[Site "London ENG"]
[Date "2014.12.14"]
[Round "8.79"]
[White "Dror, Levi"]
[Black "Kouchak, Jason"]
[Result "0-1"]
[WhiteElo "1824"]
[BlackElo "1720"]
[WhiteFideId "2809583"]
[BlackFideId "26011379"]
[EventDate "2014.12.08"]

1. e4 d5 2. e5 c5 3. d4 Bf5 4. Nf3 e6 5. Bd3 Bg4 6. c3 Nc6 7. Be2 cxd4 8. Nxd4
Bxe2 9. Qxe2 Nxd4 10. cxd4 a6 11. O-O Be7 12. Nc3 g6 13. Bd2 Bb4 14. Rfc1 Rc8
15. Nb5 Be7 16. Rxc8 Qxc8 17. Rc1 Qb8 18. Nc7+ Kf8 19. Qf3 Kg7 20. Qb3 Nh6 21.
Qa4 Rd8 22. b4 Nf5 23. b5 axb5 24. Nxb5 Rc8 25. Rc2 Rxc2 26. Qxc2 Qe8 27. Qb2 h5
28. g3 Qc6 29. Kf1 Qc4+ 30. Ke1 Qd3 31. h4 Qe4+ 32. Kf1 Qh1+ 33. Ke2 Qg2 34. Qc3
Qe4+ 35. Be3 Qb1 36. Qb3 Qe4 37. a4 g5 38. hxg5 Bxg5 39. Nd6 Nxd4+ 0-1

[Event "London Classic Open 2014"]
[Site "London ENG"]
[Date "2014.12.14"]
[Round "8.81"]
[White "Bin-Suhayl, Ieysaa"]
[Black "Sajjadi, Kimiya"]
[Result "1-0"]
[WhiteElo "1777"]
[BlackElo "1611"]
[WhiteFideId "429031"]
[BlackFideId "1516434"]
[EventDate "2014.12.08"]

1. Nf3 Nf6 2. c4 c6 3. d4 d5 4. e3 e6 5. Nbd2 Bd6 6. Bd3 O-O 7. O-O Nbd7 8. e4
dxe4 9. Nxe4 Nxe4 10. Bxe4 h6 11. b3 c5 12. Bb2 Nf6 13. Bc2 cxd4 14. Bxd4 Be7
15. Qe2 Qc7 16. Rad1 Qf4 17. Be5 Qg4 18. Rd4 Qh5 19. Rh4 1-0

[Event "London Classic Open 2014"]
[Site "London ENG"]
[Date "2014.12.14"]
[Round "8.83"]
[White "Van Zyl-Rudd, Jack"]
[Black "De Lagontrie, Jean"]
[Result "1/2-1/2"]
[WhiteElo "1564"]
[BlackElo "1802"]
[WhiteFideId "14310929"]
[BlackFideId "605271"]
[EventDate "2014.12.08"]

1. d4 d5 2. c4 e6 3. Nc3 c6 4. cxd5 exd5 5. Qc2 g6 6. e3 Bf5 7. Bd3 Bxd3 8. Qxd3
f5 9. Nf3 Nd7 10. O-O Ngf6 11. Rb1 a5 12. a3 Bd6 13. h3 O-O 14. Ng5 Qe7 15. f4
Ne4 16. Nf3 Ndf6 17. Ne5 Kg7 18. Bd2 Nxd2 19. Qxd2 Ne4 20. Nxe4 fxe4 21. Rbc1 a4
22. Qc3 Ra6 23. Qd2 Raa8 24. Qc3 h5 25. Qe1 Bxe5 1/2-1/2

[Event "London Classic Open 2014"]
[Site "London ENG"]
[Date "2014.12.14"]
[Round "8.84"]
[White "Ali, Niall"]
[Black "Miu, Marinel"]
[Result "0-1"]
[WhiteElo "1553"]
[BlackElo "1743"]
[WhiteFideId "430528"]
[BlackFideId "1220691"]
[EventDate "2014.12.08"]

1. c4 Nf6 2. Nf3 b6 3. g3 Bb7 4. Bg2 g6 5. Nc3 c5 6. O-O Bg7 7. b3 d5 8. cxd5
Nxd5 9. Bb2 Nxc3 10. Bxc3 Bxc3 11. dxc3 Qxd1 12. Raxd1 Nd7 13. Rd2 Nf6 14. Rfd1
Rb8 15. Ne5 Bxg2 16. Kxg2 O-O 17. Nd7 Nxd7 18. Rxd7 a5 19. c4 Rfe8 20. Kf3 Kg7
21. Ke4 Kf6 22. R1d3 Ke6 23. Rc7 Red8 24. Rxd8 Rxd8 25. Rc6+ Rd6 26. Rxd6+ exd6
27. h4 f5+ 28. Kf4 d5 29. cxd5+ Kxd5 30. Kg5 b5 31. Kh6 Ke6 32. Kxh7 Kf6 33. g4
fxg4 34. e4 c4 35. e5+ Kxe5 36. Kxg6 c3 37. h5 c2 38. h6 c1=Q 39. h7 Qh1 40. Kg7
Kf4 41. h8=Q Qxh8+ 0-1

[Event "London Classic Open 2014"]
[Site "London ENG"]
[Date "2014.12.14"]
[Round "8.85"]
[White "Wong, Shyun Fwu Aldrin"]
[Black "Lie, Terje"]
[Result "1-0"]
[WhiteElo "1652"]
[BlackElo "1593"]
[WhiteFideId "5806500"]
[BlackFideId "1504916"]
[EventDate "2014.12.08"]

1. e4 g6 2. d4 d6 3. Be3 Nf6 4. f3 Bg7 5. Nc3 O-O 6. Qd2 Nc6 7. O-O-O e5 8. d5
Ne7 9. g4 a6 10. Nge2 b5 11. a3 Rb8 12. Ng3 Bd7 13. h4 h5 14. gxh5 Nxh5 15. Nxh5
gxh5 16. Bh6 Ng6 17. Bxg7 Kxg7 18. Bh3 Bxh3 19. Rxh3 Kh7 20. Ne2 Rg8 21. Rf1 Qf8
22. f4 f6 23. f5 Ne7 24. Rg3 Qh6 25. Rfg1 Qxd2+ 26. Kxd2 c5 27. Rxg8 Rxg8 28.
Rxg8 Nxg8 29. Ng3 Kh6 30. c4 Ne7 31. cxb5 axb5 32. b3 Nc8 33. Ne2 Kg7 34. Kd3
Na7 35. Nc3 Kf7 36. a4 bxa4 37. bxa4 Kf8 38. Kc4 Kf7 39. a5 Kf8 40. a6 Kf7 41.
Nb5 Nc8 42. a7 Nb6+ 43. Kc3 Na8 44. Nxd6+ Ke7 45. Nb5 c4 46. Kxc4 Kd7 47. Kc5
Kd8 48. Kc6 Kc8 49. d6 Kd8 50. Nc7 Nb6 51. Kxb6 Kd7 52. Nb5 1-0

[Event "London Classic Open 2014"]
[Site "London ENG"]
[Date "2014.12.14"]
[Round "8.87"]
[White "Shah, Dipak K"]
[Black "Siddiqui, Nida Mishraz"]
[Result "1-0"]
[BlackTitle "WCM"]
[WhiteElo "1873"]
[BlackElo "1636"]
[WhiteFideId "425842"]
[BlackFideId "7800495"]
[EventDate "2014.12.08"]

1. e4 e5 2. Nf3 Nc6 3. Bc4 Bc5 4. d3 d6 5. h3 Nf6 6. Nc3 O-O 7. Bg5 Na5 8. Nd5
Nxc4 9. dxc4 Be6 10. Nxf6+ gxf6 11. Bh6 Re8 12. Nh4 f5 13. Qh5 Qf6 14. exf5 Bxf5
15. Nxf5 e4 16. Qg4+ Qg6 17. Be3 Re5 18. Bxc5 dxc5 19. Qxg6+ hxg6 20. Ne3 f5 21.
O-O-O f4 22. Ng4 Re7 23. Rhe1 Kg7 24. Rd5 b6 25. Re5 Rae8 26. Rxe7+ Rxe7 27. h4
c6 28. g3 e3 29. gxf4 exf2 30. Rxe7+ Kf8 31. Nxf2 Kxe7 32. Kd2 Ke6 33. Ke3 Kf5
34. Kf3 a6 35. Nd3 b5 36. cxb5 c4 37. bxa6 cxd3 38. cxd3 1-0

[Event "London Classic Open 2014"]
[Site "London ENG"]
[Date "2014.12.14"]
[Round "9.1"]
[White "Dragun, Kamil"]
[Black "Bai, Jinshi"]
[Result "1-0"]
[WhiteTitle "GM"]
[BlackTitle "IM"]
[WhiteElo "2547"]
[BlackElo "2444"]
[WhiteFideId "1134167"]
[BlackFideId "8602280"]
[EventDate "2014.12.08"]

1. d4 d5 2. c4 c6 3. e3 Nf6 4. Nf3 g6 5. Nc3 Bg7 6. Bd3 O-O 7. O-O Bg4 8. h3
Bxf3 9. Qxf3 e6 10. Rd1 Nbd7 11. b3 Re8 12. Bb2 Qe7 13. Bf1 a6 14. Rac1 b5 15.
Rc2 Nb6 16. cxd5 cxd5 17. Rdc1 Rec8 18. Qe2 Bf8 19. Qd1 Qd7 20. a4 bxa4 21. Nxa4
Nxa4 22. bxa4 Ne4 23. Rxc8 1-0

[Event "London Classic Open 2014"]
[Site "London ENG"]
[Date "2014.12.14"]
[Round "9.3"]
[White "Socko, Bartosz"]
[Black "Vakhidov, Jahongir"]
[Result "1-0"]
[WhiteTitle "GM"]
[BlackTitle "GM"]
[WhiteElo "2617"]
[BlackElo "2502"]
[WhiteFideId "1107038"]
[BlackFideId "14201801"]
[EventDate "2014.12.08"]

1. e4 g6 2. d4 Nf6 3. e5 Nh5 4. Nf3 d6 5. Bc4 d5 6. Be2 Ng7 7. h3 h5 8. O-O Nf5
9. c4 c6 10. Nc3 Bh6 11. Bxh6 Rxh6 12. cxd5 cxd5 13. Qb3 e6 14. Bd3 a6 15. Bxf5
gxf5 16. Rfc1 Ra7 17. Na4 Bd7 18. Nc5 Bc6 19. Rc3 Nd7 20. Nxd7 Kxd7 21. Rac1 Rg6
22. Ne1 Ke8 23. Qa3 Ra8 24. f4 Qh4 25. Rf3 Kd7 26. Qd6+ Ke8 27. Kh2 Rd8 28. Qa3
Qe7 29. Rc2 Qxa3 30. Rxa3 Ke7 31. Nf3 Rgg8 32. Rac3 Rb8 33. Ng5 h4 34. b4 Rgd8
35. Kg1 Ke8 36. Nh7 a5 37. bxa5 Ra8 38. Ra3 Ra6 39. Rc5 Rda8 40. g3 hxg3 41. h4
Rb6 42. Rb3 Rba6 43. h5 Ke7 44. Nf6 Rh8 45. h6 Raa8 46. h7 Kd8 47. Rxg3 Kc7 48.
Rg8 Rd8 49. Rxd8 Kxd8 50. a6 Kc7 51. a7 b6 52. Rc2 1-0

[Event "London Classic Open 2014"]
[Site "London ENG"]
[Date "2014.12.14"]
[Round "9.4"]
[White "Fodor, Tamas Jr."]
[Black "Lenderman, Aleksandr"]
[Result "0-1"]
[WhiteTitle "GM"]
[BlackTitle "GM"]
[WhiteElo "2499"]
[BlackElo "2608"]
[WhiteFideId "723762"]
[BlackFideId "2021285"]
[EventDate "2014.12.08"]

1. d4 Nf6 2. c4 e6 3. Nc3 Bb4 4. Qc2 d5 5. cxd5 exd5 6. Bf4 c5 7. dxc5 Qa5 8.
Be5 Nc6 9. Bxf6 gxf6 10. e3 d4 11. exd4 Bf5 12. Qe2+ Be6 13. Qd3 O-O-O 14. Nf3
Ne5 15. Qe3 Nxf3+ 16. gxf3 Qa4 17. Bd3 Rhe8 18. Kd2 Ba5 19. Bc2 Qxd4+ 20. Qxd4
Rxd4+ 21. Kc1 Bxc3 22. bxc3 Rf4 23. Kb2 Rxf3 24. h4 Rd8 25. Rh2 Rd2 26. Rd1
Rdxf2 27. Rd2 Rxd2 28. Rxd2 f5 29. Rg2 Kd7 30. Rg7 Rf2 31. Kc1 f4 32. Be4 h5 33.
Rg5 f3 34. Bxb7 Kc7 35. Be4 Rf1+ 36. Kd2 f2 37. Bd3 Rh1 38. Rxh5 f1=Q 39. Bxf1
Rxf1 40. Rh8 Ra1 41. h5 Rxa2+ 42. Ke3 Ra4 43. h6 Rh4 44. h7 Kb7 45. c6+ Kxc6 46.
Ra8 Rxh7 47. Rxa7 Rh4 48. Kd3 Kd6 49. Ra6+ Ke5 50. Ra5+ Bd5 0-1